[Event "NED-chT 1617"]
[Site "Netherlands"]
[Date "2016.11.05"]
[Round "3.3"]
[White "Zaragatski, Ilja"]
[Black "Jens, Jelmer"]
[Result "1/2-1/2"]
[WhiteElo "2499"]
[BlackElo "2386"]
[PlyCount "72"]
[EventDate "2016.09.17"]
[EventType "team-tourn"]
[EventRounds "9"]
[EventCountry "NED"]
[SourceTitle "EXT 2018"]
[Source "ChessBase"]
[SourceDate "2017.10.13"]
[SourceVersion "1"]
[SourceVersionDate "2017.10.13"]
[SourceQuality "1"]
[WhiteTeam "SISSA"]
[BlackTeam "Leiden LSG"]
[WhiteTeamCountry "NED"]
[BlackTeamCountry "NED"]

1. Nf3 Nf6 2. g3 g6 3. b3 Bg7 4. Bb2 b6 5. Bg2 Bb7 6. c4 c5 7. d4 cxd4 8. Qxd4 d6 9. Nc3 Nbd7 10. Nh4 Bxg2 11. Nxg2 a6 12. 0-0 0-0 13. Ne3 Qb8 14. Rfd1 Qb7 15. Ncd5 Rfe8 16. Rac1 Rac8 17. h4 Rc5 18. a4 Rcc8 19. Qd2 Bh6 20. Bxf6 Nxf6 21. Nxf6+ exf6 22. Rc3 b5 23. axb5 axb5 24. Qd5 Qa7 25. Ng4 Bg7 26. Re3 bxc4 27. bxc4 f5 28. Rxe8+ Rxe8 29. Ne3 Rxe3 30. fxe3 Qxe3+ 31. Kf1 Qxg3 32. Qxd6 Qh3+ 33. Kg1 Qg4+ 34. Kf1 Qh3+ 35. Kg1 Qe3+ 36. Kf1 Qh3+ 1/2-1/2

[Event "NED-chT 1617"]
[Site "Netherlands"]
[Date "2016.10.08"]
[Round "2.5"]
[White "Jens, Jelmer"]
[Black "Schippers, Maurice"]
[Result "1-0"]
[WhiteElo "2386"]
[BlackElo "2234"]
[PlyCount "101"]
[EventDate "2016.09.17"]
[EventType "team-tourn"]
[EventRounds "9"]
[EventCountry "NED"]
[SourceTitle "EXT 2017"]
[Source "ChessBase"]
[SourceDate "2016.10.25"]
[SourceVersion "1"]
[SourceVersionDate "2016.10.25"]
[SourceQuality "1"]
[WhiteTeam "Leiden LSG"]
[BlackTeam "Groningen Combinatie"]
[WhiteTeamCountry "NED"]
[BlackTeamCountry "NED"]

1. e4 e6 2. d4 d5 3. Nd2 Nc6 4. Ngf3 Nf6 5. e5 Nd7 6. Bb5 a6 7. Ba4 b5 8. Bb3 f6 9. exf6 Qxf6 10. Nf1 Bd6 11. Ne3 Na5 12. 0-0 Nxb3 13. axb3 0-0 14. Bd2 Bb7 15. b4 Rae8 16. Ra3 Qg6 17. Bc3 e5 18. Nxe5 Nxe5 19. dxe5 d4 20. Bxd4 Bxb4 21. Qd3 Bxa3 22. Qxg6 hxg6 23. bxa3 Kf7 24. f4 Ke6 25. g4 Be4 26. h4 Rd8 27. Bc3 c5 28. h5 gxh5 29. f5+ Ke7 30. Rf4 Bc6 31. gxh5 Rh8 32. Rg4 Rh7 33. e6 Bf3 34. Rg3 Bxh5 35. Bxg7 a5 36. Be5 a4 37. Bf4 Rd4 38. Bg5+ Kd6 39. Rh3 b4 40. e7 bxa3 41. Rxh5 Rxe7 42. Kf2 Rb7 43. Rh1 Ke5 44. Rh6 Rd2+ 45. Kf3 Rf7 46. Ng4+ Kd4 47. Bxd2 Rxf5+ 48. Ke2 Rf1 49. Rd6+ Kc4 50. Ne3+ Kb5 51. c4# 1-0

[Event "NED-chT 1516"]
[Site "Netherlands"]
[Date "2016.01.09"]
[Round "5.1"]
[White "Willemze, Thomas"]
[Black "Jens, Jelmer"]
[Result "0-1"]
[WhiteElo "2425"]
[BlackElo "2363"]
[PlyCount "66"]
[EventDate "2015.09.26"]
[EventType "team-tourn"]
[EventRounds "9"]
[EventCountry "NED"]
[SourceTitle "CBM 170 Extra"]
[Source "ChessBase"]
[SourceDate "2016.02.25"]
[SourceVersion "1"]
[SourceVersionDate "2016.02.25"]
[SourceQuality "1"]
[WhiteTeam "BSG"]
[BlackTeam "Utrecht"]
[WhiteTeamCountry "NED"]
[BlackTeamCountry "NED"]

1. e4 e5 2. Nf3 Nc6 3. Nc3 Nf6 4. Bb5 Bd6 5. d3 a6 6. Bxc6 dxc6 7. h3 Nd7 8. 0-0 Nf8 9. d4 f6 10. Kh1 Ng6 11. Ne2 0-0 12. c3 Kh8 13. Nh2 Qe7 14. Qc2 Re8 15. f3 exd4 16. cxd4 c5 17. dxc5 Bxc5 18. Nf4 Bd6 19. Nxg6+ hxg6 20. Be3 Bd7 21. Bd4 Bxh2 22. f4 Bg3 23. e5 fxe5 24. Bxe5 Bf5 25. Qb3 Qh4 26. Rf3 Rxe5 27. fxe5 Bxe5 28. Raf1 Bd6 29. Re3 Qb4 30. Qf7 Rf8 31. Re8 Rxe8 32. Qxe8+ Kh7 33. Qf7 Qe4 0-1

[Event "NED-chT 1516"]
[Site "Netherlands"]
[Date "2015.12.12"]
[Round "4.2"]
[White "Zaragatski, Ilja"]
[Black "Jens, Jelmer"]
[Result "1-0"]
[WhiteElo "2491"]
[BlackElo "2363"]
[PlyCount "65"]
[EventDate "2015.09.26"]
[EventType "team-tourn"]
[EventRounds "9"]
[EventCountry "NED"]
[SourceTitle "CBM 170 Extra"]
[Source "ChessBase"]
[SourceDate "2016.02.25"]
[SourceVersion "1"]
[SourceVersionDate "2016.02.25"]
[SourceQuality "1"]
[WhiteTeam "SISSA"]
[BlackTeam "Utrecht"]
[WhiteTeamCountry "NED"]
[BlackTeamCountry "NED"]

1. Nf3 f5 2. d3 Nc6 3. d4 e6 4. g3 Nf6 5. Bg2 d6 6. 0-0 g6 7. c4 Bg7 8. d5 exd5 9. cxd5 Ne5 10. Nxe5 dxe5 11. Qa4+ Qd7 12. Qc4 Qf7 13. Qb5+ Nd7 14. Qb4 a5 15. Qa3 Nb6 16. Nc3 Bf8 17. Qb3 a4 18. Qc2 Bd7 19. Rd1 Bd6 20. Bh6 Ke7 21. e4 Rhe8 22. f4 Kd8 23. fxe5 Bxe5 24. d6 cxd6 25. Qf2 Nc4 26. Nd5 Bc6 27. Rac1 Bxd5 28. Rxd5 Rc8 29. Bf1 Nxb2 30. Qb6+ Rc7 31. Ra5 Bd4+ 32. Qxd4 Rxc1 33. Qxd6+ 1-0

[Event "NED-chT 1415"]
[Site "Netherlands"]
[Date "2015.04.25"]
[Round "9.2"]
[White "Jens, Jelmer"]
[Black "Broekmeulen, Jasper"]
[Result "1/2-1/2"]
[WhiteElo "2379"]
[BlackElo "2425"]
[PlyCount "158"]
[EventDate "2014.09.27"]
[EventType "team-tourn"]
[EventRounds "9"]
[EventCountry "NED"]
[SourceTitle "EXT 2016"]
[Source "ChessBase"]
[SourceDate "2015.10.08"]
[SourceVersion "1"]
[SourceVersionDate "2015.10.08"]
[SourceQuality "1"]
[WhiteTeam "Utrecht"]
[BlackTeam "Calder HMC"]
[WhiteTeamCountry "NED"]
[BlackTeamCountry "NED"]

1. e4 e5 2. Nf3 d6 3. d4 exd4 4. Nxd4 Nf6 5. Nc3 Be7 6. g3 d5 7. e5 Ng4 8. Bg2 0-0 9. 0-0 c5 10. Ndb5 d4 11. Nd5 Nc6 12. f4 Nh6 13. h3 Nf5 14. g4 Nh4 15. Bh1 Be6 16. Nbc7 Rc8 17. f5 Bxd5 18. Nxd5 Nxe5 19. Qe1 Nhf3+ 20. Rxf3 Qxd5 21. Re3 Qxh1+ 22. Kxh1 dxe3 23. Bxe3 Nc4 24. b3 Nxe3 25. Qxe3 Bf6 26. Re1 h6 27. Kg2 Bh4 28. Re2 Rfd8 29. Qc3 Rd7 30. Qc4 b6 31. Qa4 Rcc7 32. Kf3 Kh7 33. Qe4 Rd1 34. Qa4 Rg1 35. Rg2 Rh1 36. Ke4 Rxh3 37. Kd5 Re3 38. Qf4 Ree7 39. Kc4 Bg5 40. Qf3 a6 41. a4 Rcd7 42. c3 Re3 43. Qc6 Rd1 44. Rc2 Bf6 45. b4 cxb4 46. Kxb4 Rb1+ 47. Ka3 Ra1+ 48. Kb4 Rg3 49. Qe8 Rxg4+ 50. Kb3 Rb1+ 51. Ka2 Rf1 52. Qxf7 Rxa4+ 53. Kb3 Rg4 54. Qb7 a5 55. Kb2 Rxf5 56. Qd7 Rgf4 57. Rg2 Rf3 58. Qe8 Rf2+ 59. Rxf2 Rxf2+ 60. Kb3 Rf4 61. Qc6 a4+ 62. Kb2 Rb4+ 63. Ka2 Rb3 64. c4 Rc3 65. Qxa4 g6 66. Qd7+ Bg7 67. Qe6 h5 68. Qe4 Rg3 69. Qe6 Rc3 70. Qe4 Rg3 71. Qe6 Rg2+ 72. Ka3 Bf8+ 73. Ka4 Bc5 74. Qf7+ Kh6 75. Qf4+ Kh7 76. Qf7+ Kh6 77. Qf4+ Kg7 78. Qe5+ Kh7 79. Qc7+ Kh6 1/2-1/2